000 02277cam a2200541 i 4500
001 200468180
003 TR-AnTOB
005 20260417150240.0
007 ta
008 260417t19771976nyu 000 d eng
010 _a 77078079
016 _a(AMICUS)000008240468
020 _a0802140998
020 _a9780802140999
020 _a0802150578
_q(paperback)
020 _a9780802150578
020 _a0394170164
020 _a9780394170169
020 _z0802101607
035 _a(CaAwUCM)3386971-01ucs_ucm
035 _a(OCoLC)03386971
_z(OCoLC)1191331665
_z(OCoLC)1201897361
_z(OCoLC)1201917919
_z(OCoLC)1202022282
035 _a(OCoLC)ocm03386971
035 _a(EXLNZ-01UCS_NETWORK)9912319891106531
035 _a(TR-AnTOB)200468180
040 _aDLC
_beng
_erda
_cDLC
_dEL$
_dOCL
_dBAKER
_dBTCTA
_dYDXCP
_dCUY
_dOKR
_dSJL
_dDEBBG
_dOCLCO
_dMVU
_dOCLCF
_dP4I
_dOCLCQ
_dOCLCO
_dOCL
_dCNUTO
_dJTH
_dOCL
_dNLC
_dOCLCQ
_dTYC
_dOCLCQ
_dBDX
_dOCLCQ
_dGILDS
_dOCLCO
_dPAU
_dOCLCQ
_dXFF
_dNZ1
_dOCL
_dOCLCA
_dCPS
_dTFW
_dOCLCO
_dCNO
_dOCLCO
_dOCL
_dOCLCO
_dZQC
_dOCLCO
_dOCLCL
_dOCLCQ
_dOCLCL
_dSJD
_dTR-AnTOB
041 0 _aeng
043 _an-us---
050 0 0 _aPS3563.A4345
_bA4 1977
090 _aPS3563.A4345
_bA4 1977
100 1 _aMamet, David
_eauthor
_4aut
_0http://id.loc.gov/authorities/names/n77012756
_9153768
245 1 0 _aAmerican buffalo :
_ba play /
_cby David Mamet.
264 1 _aNew York :
_bGrove Press,
_c1977.
264 4 _c©1976
300 _a106 pages ;
_c21 cm
336 _atext
_btxt
_2rdacontent
337 _aunmediated
_bn
_2rdamedia
338 _avolume
_bnc
_2rdacarrier
490 0 _aAn Evergreen book
520 _aTwo neighborhood punks and the owner of a junk shop plot to burglarize a coin collector's apartment. They fail because of inertia, ineptitude and mutual distrust, but remain bound together by their helpless frustration. 2 acts, 3 men, 1 interior.
650 0 _aSwindlers and swindling
_vDrama
_9153770
650 0 _aCoins
_vDrama
_9153771
650 0 _aThieves
_vDrama
_9153772
655 7 _aActing editions
_2lcgft
_0http://id.loc.gov/authorities/genreForms/gf2014026215
_9153773
655 7 _aDrama
_2lcgft
_0http://id.loc.gov/authorities/genreForms/gf2014026297
_9153046
942 _2lcc
_cBK
999 _c200468180
_d86392